00357nam a2200133Ia 4500008004100000020001800041040002900059050002300088100002300111245004300134260002400177942000700201999001500208221221s9999||||xx |||||||||||||| ||und|| a9966-46-489-1 cChuka University Library aLB 1051b I54 1996 aIngule, F.O.92642 0aIntroduction to educational psychology aEAEPbNairobic1996 cBK c4231d4231